| 000 | 00623nam a2200205Ia 4500 | ||
|---|---|---|---|
| 003 | IN-BaIIA | ||
| 008 | 211028s9999 xx 000 0 eng d | ||
| 020 | _a978-3-527-41034-7 | ||
| 040 | _cIIA Library | ||
| 080 |
_a52-337 _bRUD |
||
| 100 |
_aRudiger, Gunther _936001 |
||
| 245 | 0 |
_aMagnetic processes in astrophysics _btheory, simulations, experiments _cGunther Rudiger |
|
| 260 |
_aWeinheim _bWiley-VCH Verlag Gmbh _c2013 |
||
| 300 | _ax, 346p. | ||
| 650 |
_aAstrophysics _9794 |
||
| 650 |
_aMagnetic processes _936002 |
||
| 700 |
_aHollerbach, Rainer _936003 |
||
| 700 |
_aKitchatinov, Leonid L. _936004 |
||
| 942 | _cBK | ||
| 999 |
_c18832 _d18832 |
||